Conditions in occupational therapy (Registro nro. 89835)
[ vista simple ]
| 000 -ENCABEZADO | |
|---|---|
| Número de control [NR] | 01212nam a22003257a 4500 |
| 005 - FECHA Y HORA DE LA ÚLTIMA TRANSACCIÓN | |
| control field | 20240923090048.0 |
| 008 - DE LONGITUD FIJA DE DATOS DE ELEMENTOS - INFORMACIÓN GENERAL | |
| Elementos de longitud fija [NR] | 140421s2017 xxuad fr 1 eng |
| 020 ## - NUMERO INTERNACIONAL NORMALIZADO PARA LIBROS [R] | |
| Número Internacional Normalizado del libro [NR] | 9781975209353 (6a.Ed.) |
| 020 ## - NUMERO INTERNACIONAL NORMALIZADO PARA LIBROS [R] | |
| Número Internacional Normalizado del libro [NR] | 9781496332219 (5a.Ed.) |
| 020 ## - NUMERO INTERNACIONAL NORMALIZADO PARA LIBROS [R] | |
| Número Internacional Normalizado del libro [NR] | 9781609135072 (4a.Ed.) |
| 020 ## - NUMERO INTERNACIONAL NORMALIZADO PARA LIBROS [R] | |
| Número Internacional Normalizado del libro [NR] | 683304178 (2a.Ed.) |
| 040 ## - FUENTE DE CATALOGACION [NR] | |
| Agencia de catalogación original [NR] | CO-BoUCM |
| Idioma de catalogación [NR] | spa |
| Quien Cataloga | Saul Niño (Modificó) |
| Quien Clasifica | David Moreno (modificó) |
| 041 00 - CODIGO DE IDIOMA [R] | |
| Código de idioma para texto/pista de sonido o título separado [R] | Inglés |
| 060 ## - SIGNATURA TOPOGRAFICA DE LA BIBLIOTECA NACIONAL DE MEDICINA (NLM) [R] | |
| Número clasificador [R] | WB 555 |
| 245 00 - MENCION DE TITULO [NR] | |
| Título [NR] | Conditions in occupational therapy |
| Mención de responsabilidad, etc. [NR] | editores Ruth A. Hansen, Ben Atchison |
| Parte restante del título [NR] | effect on occupational performance |
| 250 ## - MENCION DE EDICION [NR] | |
| Mención de edición [NR] | 6a. Ed |
| 260 ## - PUBLICACION, DISTRIBUCION, ETC. (PIE DE IMPRENTA) [R] | |
| Lugar de publicación, distribución, etc. [R] | Filadelfia, Pensilvania |
| Nombre del editor, distribuidor, etc. [R] | Wolter Kluwer |
| Fecha de publicación, distribución, etc. [R] | 2024 |
| 300 ## - DESCRIPCION FISICA [R] | |
| Extensión [R] | xiv, 801 páginas |
| Otros detalles físicos [NR] | ilustracionesa color, cuadros, gráficas |
| 504 ## - NOTA DE BIBLIOGRAFIA, ETC. [R] | |
| Nota de bibliografía, etc. [NR] | Incluye referencias bibliográficas e índices y glosario |
| 546 ## - NOTA DE IDIOMA [R] | |
| Nota de idioma [NR] | Texto en inglés |
| 650 #7 - ASIENTO SECUNDARIO DE MATERIA - TERMINO TEMATICO [R] | |
| Término temático o nombre geográfico como elemento de entrada [NR] | Rehabilitación |
| 9 (RLIN) | 361 |
| 650 #7 - ASIENTO SECUNDARIO DE MATERIA - TERMINO TEMATICO [R] | |
| Término temático o nombre geográfico como elemento de entrada [NR] | Ergoterapia |
| 9 (RLIN) | 178655 |
| 650 #7 - ASIENTO SECUNDARIO DE MATERIA - TERMINO TEMATICO [R] | |
| Término temático o nombre geográfico como elemento de entrada [NR] | Enfermedades del sistema nervioso |
| 9 (RLIN) | 14383 |
| 650 #7 - ASIENTO SECUNDARIO DE MATERIA - TERMINO TEMATICO [R] | |
| Término temático o nombre geográfico como elemento de entrada [NR] | Trastornos mentales |
| 9 (RLIN) | 25786 |
| 650 #7 - ASIENTO SECUNDARIO DE MATERIA - TERMINO TEMATICO [R] | |
| Término temático o nombre geográfico como elemento de entrada [NR] | Terapia ocupacional |
| Subdivisión de forma [R] | Estudio de casos |
| 9 (RLIN) | 76730 |
| 690 ## - ASUNTO AGREGADO LOCAL DE ENTRADA - TÉRMINO TEMÁTICO (OCLC, RLIN) | |
| Acceso temático local | Rehabilitación |
| 9 (RLIN) | 361 |
| 700 1# - ASIENTO SECUNDARIO - NOMBRE PERSONAL [R] | |
| Nombre personal [NR] | Atchison, Ben |
| 9 (RLIN) | 59983 |
| 700 1# - ASIENTO SECUNDARIO - NOMBRE PERSONAL [R] | |
| Nombre personal [NR] | Dirette, Diane K. |
| 9 (RLIN) | 59984 |
| 942 ## - ELEMENTOS DE ENTRADA AGREGADOS (KOHA) | |
| Tipo de ítem principal el descrito en 300a | Libro |
| Tema principal | Medicina |
| Edición | 6 |
| Parte restante de la signatura top. | C745 |
| Sistema de clasificación | NLM |
| Clasificación | WB 555 |
| Título oculto en OPAC | No |
| Fecha de último préstamo | Total préstamos | Signatura topográfica | Código de barras | Última vez visto | Volúmen / Fascículo | Ejemplar | Price effective from | Tipo de ítem | Perdido | Sistema de clasificación | Dañado | No prestable | Tipo de ítem específico | Suprimido | Ubicación habitual | Ubicación actual | Localización | Fecha de creación | Forma de adquisición | Costo | Total Renewals | Costo de reposición | Proveedor |
|---|---|---|---|---|---|---|---|---|---|---|---|---|---|---|---|---|---|---|---|---|---|---|---|
| 07/11/2019 | 2 | WB 555 C745 | 100157330 | 01/12/2025 | 5a.Ed. | Ej.2 | 23/05/2018 | Libro | NLM | Libro | Fundación Cardioinfantil | Fundación Cardioinfantil | 1er piso | 23/05/2018 | Compra | 172962.00 | 172962.00 | 19 | |||||
| 19/07/2012 | 7 | WB 555 C745 | 200012589 | 11/12/2025 | 2a.Ed. | Ej.2 | 03/02/2013 | Libro | NLM | Libro | Quinta de Mutis | Quinta de Mutis | 2do piso | 28/02/2006 | Compra | 49.95 | |||||||
| 29/03/2019 | 5 | WB 555 C745 | 200026416 | 11/12/2025 | 4a.Ed. | Ej.1 | 11/04/2014 | Libro | NLM | Libro | Quinta de Mutis | Quinta de Mutis | 2do piso | 11/04/2014 | Compra | 105150.00 | 3 | 105150.00 | 15 | ||||
| 31/03/2025 | 3 | WB 555 C745 | 100157329 | 11/05/2026 | 5a.Ed. | Ej.1 | 23/05/2018 | Libro | NLM | Libro | Quinta de Mutis | Quinta de Mutis | 2do piso | 23/05/2018 | Compra | 172962.00 | 3 | 172962.00 | 19 | ||||
| 16/01/2026 | 4 | WB 555 C745 | 100173200 | 16/03/2026 | 6a. Ed | Ej.1 | 23/09/2024 | Libro | NLM | Libro | Quinta de Mutis | Quinta de Mutis | 2do piso | 23/09/2024 | Compra | 415272.00 | 1 |